[Event "Titled Tuesday intern op 06th Feb Early"]
[Site "Chess.com INT"]
[Date "2024.02.06"]
[Round "10"]
[White "Mizzi, Jack"]
[Black "Hernandez, Elvert"]
[Result "1-0"]
[WhiteElo "2043"]
[BlackElo "1947"]
[PlyCount "85"]
[EventDate "2024.02.06"]
[EventType "swiss (blitz)"]
[EventRounds "11"]
[EventCountry "USA"]
[SourceTitle "CB07_2024"]
[SourceDate "2024.02.14"]
[SourceVersion "1"]
[SourceVersionDate "2024.02.14"]
[SourceQuality "1"]

1. d4 Nf6 2. c4 g6 3. g3 Bg7 4. Bg2 c6 5. Nf3 d6 6. 0-0 Bg4 7. Nc3 Nbd7 8. Qc2 0-0 9. Rd1 Rc8 10. h3 Bxf3 11. Bxf3 Qc7 12. b4 e5 13. Be3 exd4 14. Bxd4 Ne5 15. Bxe5 dxe5 16. c5 Rcd8 17. Bg2 Qe7 18. e3 Qe6 19. a4 a6 20. b5 Nd5 21. Nxd5 cxd5 22. bxa6 bxa6 23. Rab1 Rc8 24. Bxd5 Qe7 25. c6 Rfd8 26. Rb7 Qxb7 27. cxb7 Rxc2 28. Bxf7+ Kxf7 29. Rxd8 Rb2 30. b8Q Rxb8 31. Rxb8 e4 32. Rb4 a5 33. Rxe4 Bc3 34. Rc4 Bb4 35. Kf1 Kf6 36. Ke2 h5 37. Kd3 Kf5 38. f3 Ke5 39. h4 Kf5 40. Rxb4 axb4 41. Kc4 g5 42. hxg5 Kxg5 43. Kxb4 1-0

[Event "Villamaria Nacional U2200"]
[Site "Villamaria"]
[Date "2015.12.06"]
[Round "6.7"]
[White "Jaramillo, Carlos Orlando"]
[Black "Hernandez, Elvert"]
[Result "0-1"]
[WhiteElo "1901"]
[BlackElo "1992"]
[PlyCount "66"]
[EventDate "2015.12.04"]
[EventType "swiss"]
[EventRounds "7"]
[EventCountry "COL"]
[SourceTitle "EXT 2024"]
[Source "ChessBase"]
[SourceDate "2023.10.10"]
[SourceVersion "1"]
[SourceVersionDate "2023.10.10"]
[SourceQuality "1"]

1. f4 d5 2. Nf3 Nc6 3. e3 Bg4 4. d4 Qd7 5. h3 Bxf3 6. Qxf3 f5 7. c4 e6 8. Nc3 Nf6 9. cxd5 exd5 10. Bb5 Bb4 11. Bd2 Bxc3 12. bxc3 0-0 13. c4 a6 14. Bxc6 bxc6 15. cxd5 cxd5 16. 0-0 Rab8 17. Rab1 Qa4 18. Ra1 Rb2 19. Qd1 Qc2 20. Qxc2 Rxc2 21. Bb4 Rb8 22. Ba3 Rc3 23. Bc1 Ne4 24. g4 g6 25. Kg2 Rc2+ 26. Kf3 Kf7 27. h4 Rb4 28. h5 Rbc4 29. a3 Rh2 30. hxg6+ hxg6 31. Rb1 Rcc2 32. gxf5 gxf5 33. Rb2 Rh3# 0-1

[Event "Villamaria Nacional U2200"]
[Site "Villamaria"]
[Date "2015.12.05"]
[Round "3.8"]
[White "Hernandez, Elvert"]
[Black "Dabraccio, Guillermo"]
[Result "1-0"]
[WhiteElo "1992"]
[BlackElo "1727"]
[PlyCount "63"]
[EventDate "2015.12.04"]
[EventType "swiss"]
[EventRounds "7"]
[EventCountry "COL"]
[SourceTitle "EXT 2024"]
[Source "ChessBase"]
[SourceDate "2023.10.10"]
[SourceVersion "1"]
[SourceVersionDate "2023.10.10"]
[SourceQuality "1"]

1. e4 e6 2. b3 d5 3. Bb2 c5 4. exd5 exd5 5. d4 Qe7+ 6. Be2 Nc6 7. Nf3 Nf6 8. 0-0 Ne4 9. Nc3 Nxc3 10. Bxc3 Qf6 11. Qe1 Be7 12. Bb5 cxd4 13. Bxd4 Qf4 14. Bxc6+ bxc6 15. Qc3 c5 16. Bxc5 Bf6 17. Rfe1+ Be6 18. Qd3 Qc7 19. Qb5+ Qd7 20. Qxd7+ Kxd7 21. Bd4 Rac8 22. Bxf6 gxf6 23. Nd4 Rc3 24. Re2 Rg8 25. f3 h5 26. Kf2 a6 27. Rae1 Re8 28. f4 Kd8 29. f5 Bd7 30. Rxe8+ Bxe8 31. Re3 Rxe3 32. Kxe3 1-0

[Event "Villamaria Nacional U2200"]
[Site "Villamaria"]
[Date "2015.12.04"]
[Round "2.6"]
[White "Coca Cubillos, Jesus Alberto"]
[Black "Hernandez, Elvert"]
[Result "1-0"]
[WhiteElo "1865"]
[BlackElo "1992"]
[PlyCount "95"]
[EventDate "2015.12.04"]
[EventType "swiss"]
[EventRounds "7"]
[EventCountry "COL"]
[SourceTitle "EXT 2024"]
[Source "ChessBase"]
[SourceDate "2023.10.10"]
[SourceVersion "1"]
[SourceVersionDate "2023.10.10"]
[SourceQuality "1"]

1. b3 d5 2. Bb2 Nc6 3. Nf3 Bf5 4. e3 Nf6 5. Bb5 a6 6. Bxc6+ bxc6 7. Ne5 c5 8. 0-0 e6 9. c4 Bd6 10. f4 h5 11. d3 Ng4 12. Qf3 Bxe5 13. fxe5 c6 14. Nc3 Nxe5 15. Qg3 Nxd3 16. Qxg7 Rh7 17. Qg8+ Kd7 18. Qxd8+ Rxd8 19. Ba3 Rg8 20. Rad1 Be4 21. Rd2 Rhg7 22. Nxe4 dxe4 23. Bxc5 Rg5 24. Rxf7+ Ke8 25. Re7+ Kd8 26. Rxe6 Kc7 27. Re7+ Kc8 28. Bd6 R5g6 29. Bg3 Rf8 30. Rxe4 Rgf6 31. Bf4 Nxf4 32. Rxf4 Rxf4 33. exf4 Rxf4 34. g3 Re4 35. Kf2 Kc7 36. Kf3 Re1 37. h3 Rh1 38. Kg2 Re1 39. g4 h4 40. Kf3 Rh1 41. g5 Rxh3+ 42. Kg4 Rh1 43. g6 h3 44. Kh5 Rg1 45. Rh2 Rg2 46. Rxh3 Rxa2 47. g7 Rg2 48. Kh6 1-0

[Event "Medellin Easter op"]
[Site "Medellin"]
[Date "2015.??.??"]
[Round "2"]
[White "Arango, Andres Mauricio"]
[Black "Hernandez, Elvert"]
[Result "1-0"]
[WhiteElo "2094"]
[BlackElo "2028"]
[PlyCount "69"]
[EventDate "2015.04.01"]
[EventType "swiss"]
[EventRounds "9"]
[EventCountry "COL"]
[SourceTitle "CBM 165 Extra"]
[Source "ChessBase"]
[SourceDate "2015.04.21"]
[SourceVersion "1"]
[SourceVersionDate "2015.04.21"]
[SourceQuality "1"]

1. e4 c5 2. Nf3 Nc6 3. d4 cxd4 4. Nxd4 Nf6 5. Nc3 e5 6. Ndb5 d6 7. Bg5 a6 8. Bxf6 gxf6 9. Na3 b5 10. Nd5 Bg7 11. Bd3 Ne7 12. Nxe7 Qxe7 13. 0-0 0-0 14. Qf3 Bb7 15. c4 bxc4 16. Nxc4 Qe6 17. Ne3 Rac8 18. Qe2 Rc6 19. Bc4 Qd7 20. Nf5 Kh8 21. Qg4 Rg8 22. Nh6 f5 23. Nxf7+ Qxf7 24. Bxf7 fxg4 25. Bxg8 Kxg8 26. b3 Rc2 27. Rfe1 Rd2 28. Red1 Rxd1+ 29. Rxd1 Bf8 30. f3 Kf7 31. Rc1 Be7 32. Rc7 Ba8 33. Ra7 Bc6 34. Rxa6 Bb7 35. Ra7 1-0

[Event "Bogota Navidad op"]
[Site "Bogota"]
[Date "2014.12.05"]
[Round "4"]
[White "Hernandez, Elvert"]
[Black "Prada, Diogenes"]
[Result "1-0"]
[WhiteElo "2027"]
[BlackElo "2068"]
[PlyCount "77"]
[EventDate "2014.12.04"]
[EventType "swiss"]
[EventRounds "9"]
[EventCountry "COL"]
[SourceTitle "CBM 163 Extra"]
[Source "ChessBase"]
[SourceDate "2014.12.23"]
[SourceVersion "1"]
[SourceVersionDate "2014.12.23"]
[SourceQuality "1"]

1. e4 d6 2. d4 Nf6 3. Nc3 g6 4. Nf3 Bg7 5. Bc4 0-0 6. h3 Nc6 7. Be3 a6 8. a4 Rb8 9. Qd2 Re8 10. 0-0-0 Nb4 11. e5 dxe5 12. Nxe5 Nfd5 13. Nxd5 Nxd5 14. Bh6 Bh8 15. h4 Qd6 16. h5 f6 17. hxg6 fxe5 18. dxe5 Qxe5 19. Qxd5+ e6 20. Qxe5 Bxe5 21. gxh7+ Kf7 22. Rd3 b5 23. Rf3+ Ke7 24. Rd1 Bf6 25. axb5 axb5 26. Bd3 Bb7 27. Rg3 Bd5 28. Bg7 Bxg7 29. Rxg7+ Kd6 30. Bxb5 c6 31. Bd3 Ke5 32. c4 Be4 33. Bxe4 Kxe4 34. Rd6 Ra8 35. Kc2 e5 36. Kc3 Rac8 37. Rf6 Rg8 38. hxg8Q Rxg8 39. Rxg8 1-0

[Event "COL-ch sf"]
[Site "Santa Rosa"]
[Date "2011.06.25"]
[Round "8"]
[White "Hernandez, Elvert"]
[Black "Cespedes Rodriguez, Jaime"]
[Result "0-1"]
[WhiteElo "2038"]
[BlackElo "2230"]
[PlyCount "60"]
[EventDate "2011.06.22"]
[EventType "swiss"]
[EventRounds "11"]
[EventCountry "COL"]
[SourceTitle "CBM 143 Extra"]
[Source "ChessBase"]
[SourceDate "2011.08.29"]
[SourceVersion "1"]
[SourceVersionDate "2011.08.29"]
[SourceQuality "1"]

1. e4 Nf6 2. e5 Nd5 3. c4 Nb6 4. c5 Nd5 5. Nc3 e6 6. Nxd5 exd5 7. d4 d6 8. cxd6 cxd6 9. Nf3 dxe5 10. dxe5 Nc6 11. Bd2 Bc5 12. Bb5 Bxf2+ 13. Kf1 Qb6 14. Qe2 Bc5 15. b4 Be7 16. Rc1 Bxb4 17. Be3 Qc7 18. Qb2 Be7 19. Kf2 0-0 20. Rhd1 Be6 21. Bd3 Rfc8 22. Qc3 Qa5 23. Qb2 d4 24. Nxd4 Nxe5 25. Nxe6 Rxc1 26. Qxc1 Nxd3+ 27. Rxd3 Qxa2+ 28. Rd2 Qxe6 29. Qc7 Re8 30. Re2 Bg5 0-1

[Event "COL-ch sf"]
[Site "Santa Rosa"]
[Date "2011.06.22"]
[Round "2"]
[White "Hernandez, Elvert"]
[Black "Uribe Arteaga, Daniel"]
[Result "0-1"]
[WhiteElo "2038"]
[BlackElo "2203"]
[PlyCount "66"]
[EventDate "2011.06.22"]
[EventType "swiss"]
[EventRounds "11"]
[EventCountry "COL"]
[SourceTitle "CBM 143 Extra"]
[Source "ChessBase"]
[SourceDate "2011.08.29"]
[SourceVersion "1"]
[SourceVersionDate "2011.08.29"]
[SourceQuality "1"]

1. e4 c5 2. Nf3 d6 3. d4 cxd4 4. Nxd4 Nf6 5. Nc3 g6 6. Be3 Bg7 7. f3 0-0 8. Qd2 Nc6 9. 0-0-0 d5 10. exd5 Nxd5 11. Nxc6 bxc6 12. Nxd5 cxd5 13. Bc4 Rb8 14. Bb3 Qc7 15. Qxd5 Bf5 16. Qc5 Qxc5 17. Bxc5 Rfc8 18. g4 Bxc2 19. Kxc2 Rxc5+ 20. Kb1 a5 21. Rd2 Bf6 22. f4 Rb4 23. Rd8+ Kg7 24. g5 Bd4 25. a3 Rxb3 26. Rxd4 Rcb5 27. Rd2 Rxa3 28. Re1 e6 29. Rd7 Rab3 30. Rxe6 Rxb2+ 31. Ka1 R2b4 32. Re2 Rxf4 33. Rg2 Ra4+ 0-1

[Event "Medellin IRT op 17th"]
[Site "Medellin"]
[Date "2010.08.07"]
[Round "6"]
[White "Hernandez, Elvert"]
[Black "Torres, Jorge Emilio"]
[Result "0-1"]
[WhiteElo "2041"]
[BlackElo "2021"]
[PlyCount "48"]
[EventDate "2010.08.04"]
[EventType "swiss"]
[EventRounds "9"]
[EventCountry "COL"]
[SourceTitle "EXT 2012"]
[Source "ChessBase"]
[SourceDate "2011.11.24"]
[SourceVersion "1"]
[SourceVersionDate "2011.11.24"]
[SourceQuality "1"]

1. e4 c5 2. Nf3 e6 3. d4 cxd4 4. Nxd4 a6 5. c4 Qc7 6. Bd3 Nf6 7. 0-0 g6 8. Nc3 Bg7 9. Be3 d6 10. Qd2 Ng4 11. Rac1 Nxe3 12. Qxe3 0-0 13. Nce2 Nc6 14. Nxc6 bxc6 15. Nc3 Rb8 16. b3 Qa5 17. Bb1 Bb7 18. Rfd1 Rfd8 19. Rd3 Rd7 20. Rcd1 Rbd8 21. h3 d5 22. exd5 cxd5 23. cxd5 exd5 24. Ne2 Qb4 0-1

[Event "Medellin IRT op 17th"]
[Site "Medellin"]
[Date "2010.08.05"]
[Round "3"]
[White "Rengifo, Jose Ignacio"]
[Black "Hernandez, Elvert"]
[Result "1/2-1/2"]
[WhiteElo "2124"]
[BlackElo "2041"]
[PlyCount "95"]
[EventDate "2010.08.04"]
[EventType "swiss"]
[EventRounds "9"]
[EventCountry "COL"]
[SourceTitle "EXT 2012"]
[Source "ChessBase"]
[SourceDate "2011.11.24"]
[SourceVersion "1"]
[SourceVersionDate "2011.11.24"]
[SourceQuality "1"]

1. b4 e5 2. Bb2 d6 3. e4 Nf6 4. Nc3 Be7 5. Nf3 Bg4 6. Be2 0-0 7. 0-0 a6 8. h3 Bh5 9. d4 Bxf3 10. Bxf3 exd4 11. Qxd4 Nc6 12. Qc4 Ne5 13. Qe2 Nfd7 14. Nd5 c6 15. Nxe7+ Qxe7 16. Qd1 Nxf3+ 17. Qxf3 Rae8 18. Rfe1 Ne5 19. Qg3 f6 20. Rad1 Nc4 21. Ba1 b5 22. f4 Qf7 23. e5 fxe5 24. fxe5 dxe5 25. Bxe5 Nxe5 26. Rxe5 Rxe5 27. Qxe5 Qf2+ 28. Kh2 Qf4+ 29. Qxf4 Rxf4 30. c3 Rc4 31. Rd3 Kf7 32. Kg3 Ke6 33. Kf3 a5 34. a3 c5 35. bxc5 Rxc5 36. Ke2 Rc4 37. Rg3 g6 38. Kd3 Kd6 39. Rg5 Kc6 40. Kc2 b4 41. axb4 axb4 42. Kb3 Rxc3+ 43. Kxb4 Rc1 44. h4 Rh1 45. g3 Kd6 46. Kc4 Ke6 47. Kd4 Kf6 48. Ke4 1/2-1/2

[Event "Cali Menor 2100 op 11th"]
[Site "Cali"]
[Date "2009.12.26"]
[Round "1.1"]
[White "Hernandez, Elvert"]
[Black "Giraldo, Francisco Javier"]
[Result "1-0"]
[WhiteElo "2098"]
[BlackElo "1986"]
[PlyCount "95"]
[EventDate "2009.12.26"]
[EventType "swiss"]
[EventRounds "8"]
[EventCountry "COL"]
[SourceTitle "EXT 2024"]
[Source "ChessBase"]
[SourceDate "2023.10.10"]
[SourceVersion "1"]
[SourceVersionDate "2023.10.10"]
[SourceQuality "1"]

1. e4 Nf6 2. e5 Nd5 3. c4 Nb6 4. c5 Nd5 5. Nc3 e6 6. Nxd5 exd5 7. d4 d6 8. cxd6 cxd6 9. Nf3 dxe5 10. dxe5 Bb4+ 11. Bd2 Qa5 12. a3 Bxd2+ 13. Qxd2 Qxd2+ 14. Kxd2 0-0 15. Bb5 a6 16. Ba4 b5 17. Bb3 Nc6 18. Rac1 Na5 19. Ba2 Nc4+ 20. Kc3 Be6 21. b3 Nb6 22. Nd4 Rfc8+ 23. Kd2 Nd7 24. f4 Nc5 25. Bb1 g6 26. Rc3 Bd7 27. Rhc1 Ne6 28. Rxc8+ Rxc8 29. Rxc8+ Bxc8 30. Nxe6 Bxe6 31. b4 Kf8 32. Ke3 Ke8 33. Kd4 Kd7 34. Kc5 Kc7 35. Ba2 d4 36. Bxe6 fxe6 37. Kxd4 Kc6 38. g4 Kd7 39. Ke4 Ke7 40. f5 exf5+ 41. gxf5 gxf5+ 42. Kxf5 Kf7 43. e6+ Ke7 44. Ke5 h5 45. h4 Ke8 46. Kd6 Kd8 47. e7+ Ke8 48. Ke6 1-0

[Event "Manizales op 21st"]
[Site "Manizales"]
[Date "2009.01.10"]
[Round "5"]
[White "Zuluaga Mancilla, Cesar"]
[Black "Hernandez, Elvert"]
[Result "1-0"]
[WhiteElo "2307"]
[BlackElo "2068"]
[PlyCount "67"]
[EventDate "2009.01.08"]
[EventType "swiss"]
[EventRounds "7"]
[EventCountry "COL"]
[SourceTitle "CBM 128 Extra"]
[Source "ChessBase"]
[SourceDate "2009.03.05"]
[SourceVersion "2"]
[SourceVersionDate "2009.03.25"]
[SourceQuality "1"]

1. d4 d5 2. Nf3 Nf6 3. c4 e6 4. Nc3 c6 5. Qb3 Nbd7 6. Bg5 Be7 7. e3 0-0 8. Bd3 dxc4 9. Bxc4 b5 10. Be2 a6 11. 0-0 c5 12. Rfd1 c4 13. Qc2 Bb7 14. a4 Qb6 15. Ne5 Bd6 16. f4 h6 17. Bh4 Rac8 18. axb5 axb5 19. Bf3 Ra8 20. Rac1 Rfc8 21. Kh1 b4 22. Ne4 Bxe4 23. Bxe4 Nxe5 24. fxe5 Nxe4 25. Qxe4 Bf8 26. Rxc4 Rxc4 27. Qxa8 g5 28. Bg3 Qc6 29. Qxc6 Rxc6 30. e4 Rc2 31. d5 exd5 32. exd5 Be7 33. d6 Bd8 34. Rb1 1-0

[Event "Manizales op 21st"]
[Site "Manizales"]
[Date "2009.01.09"]
[Round "3"]
[White "Arango, Santiago"]
[Black "Hernandez, Elvert"]
[Result "1/2-1/2"]
[WhiteElo "1920"]
[BlackElo "2068"]
[PlyCount "105"]
[EventDate "2009.01.08"]
[EventType "swiss"]
[EventRounds "7"]
[EventCountry "COL"]
[SourceTitle "CBM 128 Extra"]
[Source "ChessBase"]
[SourceDate "2009.03.05"]
[SourceVersion "2"]
[SourceVersionDate "2009.03.25"]
[SourceQuality "1"]

1. e4 c5 2. Nf3 Nc6 3. Bb5 g6 4. 0-0 Bg7 5. c3 a6 6. Ba4 b5 7. Bc2 d5 8. a4 Bb7 9. Qe2 b4 10. d3 e6 11. Bg5 f6 12. exd5 Qxd5 13. Be3 Ne5 14. Nbd2 Ne7 15. Ne1 a5 16. Bb3 Qd6 17. Ne4 Bxe4 18. dxe4 bxc3 19. Qb5+ Qc6 20. bxc3 c4 21. Ba2 Qxb5 22. axb5 Kf7 23. Bd4 Rhc8 24. Nc2 Nd3 25. Na3 e5 26. b6 Rab8 27. Be3 Nb2 28. Rfb1 Na4 29. Nxc4 Kf8 30. Rc1 f5 31. f3 Rd8 32. Bb3 Nxb6 33. Nxb6 Rxb6 34. Bxb6 Rb8 35. Rxa5 Bh6 36. Rd1 Rxb6 37. Bd5 Be3+ 38. Kh1 Rb2 39. Ra2 Rb8 40. Ra8 Rxa8 41. Bxa8 Kf7 42. Rd8 Ke6 43. Bd5+ Nxd5 44. exd5+ Ke7 45. Rc8 Kd7 46. Rc6 Bd2 47. g3 e4 48. fxe4 fxe4 49. c4 e3 50. Kg2 e2 51. Re6 e1Q 52. Rxe1 Bxe1 53. Kf3 1/2-1/2